000 00603nam a2200169 i 4500
001 65230
003 ES-MaACL
005 20230906165327.0
007 t|
008 040109s1935 sp ||||1| spa d
100 1 _aFranck, Rudolf.
_952209
245 1 0 _aTratamientos dietéticos modernos /
_cpor Rudolf Franck ; traducción de la segunda edición alemana corregida y ampliada por F. Sánchez-Sarachaga.
260 _aBarcelona :
_bLabor,
_c1935 (
_fTall. Ibero-Americanos)
300 _aVIII, 185 p. ;
_c23 cm.
700 1 _aSánchez-Sarachaga, Fernando.
_9102929
852 _aES-MaACL
_jE-1111
_bR.19259
999 _c65230
_d65230